000 00506nam a22001697a 4500
005 20231030140449.0
008 231030b |||||||| |||| 00| 0 eng d
020 _a978375708619
041 _aEnglish
082 _a347.1 REH
100 _aRehnquist, WH
_lEnglish
245 _aThe Supreme Court :
_bRevised and Updated /
_cWH Rehnquist
260 _aNew York :
_bVintage Books,
_c2003
300 _b xi, 302 pages ;
_c21 cm.
650 _alegal practice
_bLaw
942 _cBK
_6ALISON_BN_VRIES
999 _c153
_d153